00346pab a2200121 454500008004000000100002100040245008900061260000900150300001100159362000800170650002800178773001800206180718b1983 xxu||||| |||| 00| 0 eng d aEdwards, Michael aResidential mobility in a changing housing marketbThe case of Bucaramanga, Colombia c1983 a131-45 aMay aHousing - Latin America aUrban Studies